| 000 | 00420 a2200145 4500 | ||
|---|---|---|---|
| 082 |
_a624.1771 YIE _bL-38-9-129 |
||
| 090 |
_c2802 _d2802 |
||
| 100 |
_aMILLS,GM _942981 |
||
| 245 | _aTHE YIELD LINE THEORY A PROGRMMED TEXT | ||
| 260 |
_aLONDON _bCONCRETE PUBLICATIONS _c1970 |
||
| 300 | _c24CM | ||
| 500 | _aCIVIL ENGINEERING | ||
| 526 |
_a0 _b0 _c0 _d624_177100000000000_YIE_L38912 |
||
| 942 |
_2ddc _aMCE _cBOOK _k624.1771 YIE |
||
| 999 |
_c546791 _d546791 |
||